000 00354nam a2200145Ia 4500
008 090124s9999 xx 000 0 und d
082 _b303608
245 _a कमलपत्र
250 _a1
260 _bपै शिरीष
_c1998
300 _a190
630 _a कमलपत्र
730 _a कमलपत्र
942 _cBOOK
999 _c193245
_d193245